Bleach Espada - Statistics

General Stats
  • This quiz has been taken 148 times
  • The average score is 7 of 13
Answer Stats
Picture Answer % Correct
Coyote Starrk
80%
Nelliel Tu Odelschwanck
79%
Grimmjow Jaegerjaquez
77%
Ulquiorra Cifer
75%
Tier Harribel
68%
Yammy Llargo
62%
Nnoitra Gilga
51%
Baraggan Louisenbairn
46%
Szayelaporro Granz
44%
Lilynette Gingerback
42%
Aaroniero Arruruerie
34%
Zommari Rureaux
32%
Luppi Antenor
27%
No matching quizzes found
Score Distribution
Percent of People with Each Score
Percentile by Number Answered
Your Score History
You have not taken this quiz